000 00650nam a22002057a 4500
999 _c18541
_d18541
003 AR-CdUCM
008 190514b ||||| |||| 00| 0 spa d
040 _aMUNICIPALIDAD PROVINCIAL DEL CUSCO
_cBIBLIOTECA MUNICIPAL DEL CUSCO
082 _a104.47 /
_bEY98
100 _aEyzaguirre, Jaime
_914494
245 _aFreud y el origen de las religiones /
260 _aSantiago :
_bDifusión Chilena,
_c1942.
300 _a43 páginas ;
_c18 cm.
505 _aContenido: Freud y el origen de las religiones.
650 _aTeología
_93537
650 _aOrigen
_915147
650 _aReligiones
_94740
942 _2ddc
_cLIBROS
945 _apjha
_d2019-05-17